Statistics for Квиз о Швајцарској

Click here to take the quiz!

General Stats

  • This quiz has been taken 111 times
  • The average score is 11 of 23

Answer Stats

ОписОдговор% Correct
Главни градБерн
99%
Званични језициНемачки
99%
Званични језициФранцуски
98%
Званични језициИталијански
98%
Највећи градЦирих
88%
Најпознатији тенисерРоџер Федерер
84%
Швајцарска је подељена
на 26 регија које се називају?
Кантони
70%
Највеће језероЖеневско
68%
Најпознатији произвођачи ручних сатоваРолекс
66%
Државна валутаФранк
56%
Врста алпског певањаЈодловање
53%
Званични језициРоманш
43%
Највећа прехрамбена компанијаНестле
35%
Легендарна личност која је погодила јабуку
на синовљевој глави, стрелом
Виљем Тел
34%
Најдужа рекаРајна
31%
Град седиште олимпијског комитетаЛозана
23%
Највеће банкеКредит Свис
19%
Најпознатији планински врхМатерхорн
17%
Најпознатији произвођачи ручних сатоваОмега
12%
Филозоф који је утицао на
Француску револуцију
Жан-Жак
Русо
8%
Град домаћин зимских
олимпијских игара
Сент Мориц
8%
Највеће банкеУБС
3%
Жена персонификација ШвајцарскеХелветија
2%

Score Distribution

Percentile by Number Answered

Percent of People with Each Score

Your Score History

You have not taken this quiz